A magyar nyomdászat történelmi fejlődése 1472-1877 /

Elmentve itt :
Bibliográfiai részletek
Szerző: Ballagi Aladár
Dokumentumtípus: Cikk
Megjelent: 1878
Sorozat:Kolligátum
Kulcsszavak:Nyomdászat - Magyarország - története
Online Access:http://misc.bibl.u-szeged.hu/23716
LEADER 00586nab a2200169 i 4500
001 misc23716
005 20191111110711.0
008 171009s1878 hu o 0|| zxx d
040 |a SZTE Miscellanea Repozitórium  |b hun 
041 |a zxx 
100 1 |a Ballagi Aladár 
245 1 2 |a A magyar nyomdászat történelmi fejlődése   |h [elektronikus dokumentum] :  |b 1472-1877 /  |c  Ballagi Aladár 
260 |c 1878 
300 |a 1-248 
490 0 |a Kolligátum 
695 |a Nyomdászat - Magyarország - története 
856 4 0 |u http://misc.bibl.u-szeged.hu/23716/1/koll_008_014_001-248.pdf  |z Dokumentum-elérés